000 00471nam a2200169 4500
001 126515
003 ES-MaACL
005 20231223063102.0
007 t|
008 070214s1932 sp r ||||1| spa d
100 1 _aRépide, Pedro de,
_d1882-1948
_996267
245 1 3 _aLa cinta verde
_b: 1820-1823 /
_cPedro de Répide.
260 _aMadrid :
_bCastro,
_c1932.
300 _a150 p. ;
_c19 x 12 cm.
852 _aES-MaACL
_jF-14533
999 _c126515
_d126515